00724nam a22001937a 450000500170000001000150001702000260003203500140005803700090007208200110008110000250009224500540011726000390017127001050021030000200031594200220033599900190035795201540037620260427115806.0 aENG-148244 a9789393796233c345.00 aEN-131776 bDBAD a35121 aSwarup, Anil 988988 aEthical Dilemmas of a Civil Servant/cAnil Swarup aNew DelhibUnique Publishersc2024 aJ-2/1, Block B-1, Mohan Cooperative Industrial Estate, Mathura RoadbNew Delhie110044k011-41076666 a268p.c22cm(pb) 2ddccENh351mSWA c215976d215976 001040708NFICaZLSbZLSd2026-04-27eDelivery of Books Act Divisiong345.00l0o351 SWApEN-131776r2026-04-27 11:58:39t1v345.00w2026-04-27yEN